[Event "IND-chT 40th"]
[Site "Ahmedabad"]
[Date "2020.02.07"]
[Round "1.2"]
[White "Makwana, Devam"]
[Black "Shyam, Nikil P"]
[Result "0-1"]
[WhiteElo "1724"]
[BlackElo "2460"]
[PlyCount "84"]
[EventDate "2020.02.07"]
[EventType "team-swiss"]
[EventRounds "9"]
[EventCountry "IND"]
[SourceTitle "CBM 194 Extra"]
[Source "ChessBase"]
[SourceDate "2020.03.31"]
[SourceVersion "1"]
[SourceVersionDate "2020.03.31"]
[SourceQuality "1"]
[WhiteTeam "Gujarat II"]
[BlackTeam "Railways SPB"]
[WhiteTeamCountry "IND"]
[BlackTeamCountry "IND"]

1. e4 c5 2. Nf3 d6 3. d4 cxd4 4. Nxd4 Nf6 5. Nc3 a6 6. f3 e5 7. Nb3 Be6 8. Be3 Nbd7 9. g4 h6 10. Qd2 Be7 11. 0-0-0 b5 12. Qf2 Qc7 13. h4 Rb8 14. Rh2 Nb6 15. g5 Nfd7 16. gxh6 gxh6 17. Nd5 Bxd5 18. exd5 Nc4 19. Kb1 Nxe3 20. Qxe3 Qb6 21. Qd3 Nf6 22. Bh3 Rg8 23. Re2 Rg3 24. Qf5 Rg1 25. Rxg1 Qxg1+ 26. Nc1 Qd4 27. h5 Qh4 28. Bg4 Nxd5 29. Qd7+ Kf8 30. Qa7 Rd8 31. Qxa6 Nf4 32. Re4 Qg5 33. Qxb5 f5 34. Rxf4 Qxf4 35. Ne2 Qd2 36. Bxf5 Qd1+ 37. Nc1 Bg5 38. a3 Qxc1+ 39. Ka2 Qf4 40. Qd3 Kg7 41. Bg6 Qf6 42. Qc4 d5 0-1

[Event "Udaipur Lakecity rapid op 1st"]
[Site "Udaipur"]
[Date "2019.09.14"]
[Round "5"]
[White "Makwana, Devam"]
[Black "Md Abzid, Rahman"]
[Result "1/2-1/2"]
[WhiteElo "1618"]
[BlackElo "1913"]
[PlyCount "102"]
[EventDate "2019.09.14"]
[EventType "swiss (rapid)"]
[EventRounds "9"]
[EventCountry "IND"]
[SourceTitle "EXT 2020"]
[Source "ChessBase"]
[SourceDate "2019.10.17"]
[SourceVersion "1"]
[SourceVersionDate "2019.10.17"]
[SourceQuality "1"]

1. e4 c5 2. Nf3 e6 3. d4 cxd4 4. Nxd4 a6 5. Nc3 Qc7 6. Be3 Nc6 7. Qd2 Nf6 8. 0-0-0 Be7 9. f3 b5 10. g4 h6 11. h4 Bb7 12. Bg2 Ne5 13. g5 Nc4 14. Qd3 Nh5 15. Bf1 Nf4 16. Bxf4 Qxf4+ 17. Kb1 Rd8 18. Nce2 Qc7 19. gxh6 Rxh6 20. h5 d5 21. exd5 Rxd5 22. Nc3 Rd8 23. Qe2 Qe5 24. Qxe5 Nxe5 25. Be2 Bc5 26. Nb3 Rxd1+ 27. Rxd1 Bb6 28. f4 Nc4 29. a4 Ne3 30. Re1 b4 31. a5 Ba7 32. Na2 Nd5 33. Bc4 Rxh5 34. Bxd5 Bxd5 35. Nxb4 Bxb3 36. cxb3 Bb8 37. Nxa6 Bxf4 38. b4 Kd7 39. Nc5+ Kc6 40. a6 Rh8 41. Ka2 Bd2 42. Re4 Kb5 43. Kb3 Rh3+ 44. Ka2 Bxb4 45. a7 Rh8 46. Rxb4+ Kxb4 47. Na6+ Kb5 48. Nb8 Rh4 49. b3 Rh2+ 50. Ka3 Rh1 51. Ka2 Rh2+ 1/2-1/2

[Event "Rajkot RCPA op 2nd"]
[Site "Rajkot"]
[Date "2019.08.17"]
[Round "9"]
[White "Makwana, Devam"]
[Black "Gajanan, Vijay Jayde"]
[Result "0-1"]
[WhiteElo "1589"]
[BlackElo "1877"]
[PlyCount "84"]
[EventDate "2019.08.13"]
[EventType "swiss"]
[EventRounds "10"]
[EventCountry "IND"]
[SourceTitle "EXT 2021"]
[Source "ChessBase"]
[SourceDate "2020.10.23"]
[SourceVersion "1"]
[SourceVersionDate "2020.10.23"]
[SourceQuality "1"]

1. e4 Nf6 2. Nc3 e5 3. Bc4 Bc5 4. d3 Nc6 5. f4 d6 6. Nf3 Bg4 7. Na4 Bb6 8. Nxb6 axb6 9. c3 0-0 10. 0-0 d5 11. exd5 Nxd5 12. h3 Bxf3 13. Qxf3 Nf6 14. f5 Qe7 15. Bg5 b5 16. Bxf6 gxf6 17. Bb3 Rfd8 18. Rae1 Qf8 19. Re4 Na5 20. Bc2 c5 21. Rfe1 c4 22. Qg4+ Kh8 23. Qh4 cxd3 24. Rg4 Ra6 25. Bd1 Nc4 26. b3 d2 27. Ree4 Nb2 28. Qh5 Nxd1 29. Rh4 h6 30. Qxd1 Rxa2 31. Kh2 Ra1 32. Qxa1 d1Q 33. Qa7 Kh7 34. Reg4 Qc1 35. Qxb7 Rd1 36. Rg6 Rh1+ 37. Kg3 Qxc3+ 38. Kg4 Qe3 39. Rhxh6+ Qexh6 40. Rxh6+ Kxh6 41. Qxb5 Qg7+ 42. Kf3 Qg5 0-1

[Event "Mumbai Wealth rating op 4th"]
[Site "Mumbai"]
[Date "2019.01.03"]
[Round "5"]
[White "Makwana, Devam"]
[Black "Iyer, Vivek"]
[Result "0-1"]
[WhiteElo "1617"]
[BlackElo "1379"]
[PlyCount "88"]
[EventDate "2018.12.30"]
[EventType "swiss"]
[EventRounds "9"]
[EventCountry "IND"]
[SourceTitle "CBM 188 Extra"]
[Source "ChessBase"]
[SourceDate "2019.02.26"]
[SourceVersion "1"]
[SourceVersionDate "2019.02.26"]
[SourceQuality "1"]

1. e4 e6 2. d4 d5 3. Nc3 Bb4 4. e5 c5 5. a3 Bxc3+ 6. bxc3 Nc6 7. Qg4 g6 8. Bb5 Bd7 9. Bxc6 Bxc6 10. Qd1 cxd4 11. cxd4 Ne7 12. Nf3 Bb5 13. a4 Ba6 14. c3 Rc8 15. Qb3 h5 16. Ba3 Qc7 17. Bb4 Nf5 18. Nd2 Nh4 19. Rg1 Nf5 20. g3 g5 21. h3 Bd3 22. a5 f6 23. Qa4+ Kf7 24. exf6 g4 25. h4 e5 26. 0-0-0 Nxd4 27. Nb3 Bb5 28. Qa3 Ne2+ 29. Kb2 Nxg1 30. Rxd5 Bc4 31. Rc5 Qd7 32. Rxe5 Rhe8 33. Be7 Qd1 34. Rxh5 Qxb3+ 35. Qxb3 Bxb3 36. Kxb3 Nh3 37. Rf5 Rh8 38. Rb5 Rc7 39. Bd6 Rd7 40. Bc5 Rh5 41. Kb4 a6 42. Rb6 Rf5 43. Be3 Nxf2 44. h5 Nd3+ 0-1

[Event "Mumbai Wealth op U13 4th"]
[Site "Mumbai"]
[Date "2019.01.03"]
[Round "5"]
[White "Marzouq, Chowdhury"]
[Black "Makwana, Devam"]
[Result "1/2-1/2"]
[WhiteElo "1224"]
[BlackElo "1617"]
[PlyCount "99"]
[EventDate "2018.12.30"]
[EventType "swiss"]
[EventRounds "9"]
[EventCountry "IND"]
[SourceTitle "CBM 188 Extra"]
[Source "ChessBase"]
[SourceDate "2019.02.26"]
[SourceVersion "1"]
[SourceVersionDate "2019.02.26"]
[SourceQuality "1"]

1. e4 c5 2. c3 d6 3. d4 cxd4 4. cxd4 Nf6 5. Nc3 e6 6. Nf3 Be7 7. Bc4 a6 8. a4 Nc6 9. 0-0 Nxe4 10. Nxe4 d5 11. Bxd5 exd5 12. Ng3 Bg4 13. Be3 Bf6 14. Re1 0-0 15. Qb3 Bxf3 16. gxf3 Qd7 17. Rad1 Rac8 18. Kg2 Rfe8 19. Qb6 Bd8 20. Qb3 Na5 21. Qa2 Bf6 22. Ne2 Nc6 23. Nf4 Nb4 24. Qb3 a5 25. Rc1 Qf5 26. Rc3 Bxd4 27. Rxc8 Rxc8 28. Bxd4 Qxf4 29. Be5 Qg5+ 30. Bg3 Qg6 31. Re3 d4 32. Qc4 Rd8 33. Qxd4 Rf8 34. Qc5 b6 35. Qe5 h6 36. Qd6 Qc2 37. Qd7 Qxb2 38. Re8 Rxe8 39. Qxe8+ Kh7 40. Qe4+ g6 41. Qe8 Qg7 42. Be5 Qg8 43. Qb5 Qd8 44. f4 Qd5+ 45. Qxd5 Nxd5 46. Kf3 f5 47. Ke2 Kg8 48. Kd3 Kf7 49. Kc4 Ke6 50. Kb5 1/2-1/2